000 00587nam a2200181Ia 4500
008 151018s9999 xx 000 0 und d
082 _bRBASDV38491
_a891.468
100 _aअरुण शेवते
245 _aसिनेमाचे दिवस
250 _b1
260 _bमुद्रा प्रकाशन विरार
_c2004
300 _a128
600 _aअरुण शेवते
630 _aसिनेमाचे दिवस
700 _aअरुण शेवते
730 _aसिनेमाचे दिवस
942 _cBOOK
999 _c1037896
_d1037893